Dans quel sons Freeze corleone a dit... ? - Statistiques

Statistiques générales
  • Ce quiz a été pris 991 fois
  • Le résultat moyen est 6 sur 20
Statistiques - réponses
Phrases Musiques % Correct
J'arrive déterminé comme Adolf dans les années 30. Baton Rouge
71%
Phaal, dis-leur, Corleone, serial rime, sale dealeur. Rap catéchisme
63%
S/o le S depuis Gomorra, hey, masqué comme dans V pour Vendetta. Mannschaft
60%
Yeuz rouges de cyborg, plus blindé que six portes, s/o Dubble, j'ai la frappe de Seedorf. Desiigner
58%
P*tasse, j'porte pas de Philipp Plein, Chen Zen aka Philipp Lin, même pas faya après 4 phillies pleins.
Intro
50%
Avance, deux tours, de retour comme Gandalf dans Les Deux Tours. Chen Laden
44%
P*tasse, j'suis 'fonce dans l'vaisseau comme Albator. Hors ligne
41%
Au mic', on les lave comme Ajax, ekip à fond comme Ajax. Braquage à l’africaine
27%
Signe de gang comme les Crips et les Bloods. 7 sur 7
26%
Dans les pocket, j'ai la kichta, le lin, les antidépresseurs et les calmants. Drill FR 4
19%
Différents types de frappe comme un buteur et j'arrive blindé comme un lutteur. Welcome to the party
18%
Sur la prod' comme si j'étais trois, j'vois la concu' comme si c'est des proies. Crystal Lake
17%
Yeuz comme des litchis, loin d'eux comme les Fidji. Polémique
16%
F*ck le triple 6, j'évite le Malin, Corleone comme le film Le Parrain. IRM
14%
J'suis là pour le cash, prends les sous, je cache, la faute ou le bache, n*gro, parle en micron pour le h*sh, Faygo pour le flash. Scellé Part.2
14%
Chen Zen aka France Most Wanted, des fois, j'dérape comme dans Most Wanted. Moneygram
13%
20-20, le rap, c'est satanique comme le rock. Freez Rael
10%
2030, n*gro, dans mon compte, il m'faut plus de chiffres qu'une adresse IP. Les Professeurs
8%
Côté obscur dans l'ombre avec v'là les Siths, s/o les légendes allemandes comme le Lac des Cygnes. Requiem for a drill
7%
Han, 9.3 , 7.7 , s/o seven-seven aka 7.7, on encaisse 3.6.5 7/7 , s/o le clan, clan, s/o la secte, secte La Purge V
6%
Aucun quiz correspondant
Distribution des résultats
% des personnes avec chaque résultat
Percentile par nombre de réponses
Votre historique - résultats
Vous n’avez pas pris ce quiz